000 01162nam a22002297a 4500
999 _c18562
_d18562
003 BDDh-ASL
005 20231015025720.0
008 201014s2001 b ||||| |||| 00| 0 b d
040 _aBDDh-ASL
_cBDDh-ASL
041 _aben
082 _a365.5492
_bALB
100 1 _91381
_aআলী, মোঃ খোসবর
245 1 0 _aবাংলাদেশের কারাব্যবস্থা:
_bএকটি তথ্যনিষ্ঠ বিশ্লেষণ/
_cby মোঃ খোসবর আলী।
246 _aPrison System in Bangladesh: An analysis of Reality
260 _aরাজশাহী:
_bস্বাগতম অফসেট প্রসেস এন্ড প্রিন্টিং,
_c2001.
300 _a২২২ পৃ. :
_c২৩ সে. মি.
504 _aগ্রন্থপঞ্জি ও নির্ঘন্ট সংযুক্ত।
650 0 _91382
_aকারাব্যবস্থা
_zবাংলাদেশ
651 0 _9615
_aবাংলাদেশ
_xজেলখানা
700 _91383
_aসিদ্দিকী, মোঃ আব্দুর রহমান
_cডঃ
942 _2ddc
_cBK